| 000 | 00362nam a22001451a 4500 | ||
|---|---|---|---|
| 082 |
_aH300 9 _bNEE/N |
||
| 100 | _aNeelam Saraf | ||
| 245 |
_aNayi sadi ki dwar par/ _cby Neelam Saraf |
||
| 260 |
_aNew Delhi: _bAkshaya Prakasan, _c1998. |
||
| 300 | _a118p. | ||
| 650 | _aLiterature Hindi | ||
| 650 | _aNovel Hindi Criticism | ||
| 650 | _aLiterature | ||
| 942 | _cBK | ||
| 999 |
_c30976 _d30976 |
||